000 00198 a2200097 4500
020 _a9781338038439
041 _aspa
100 _aTroy Cummings
245 _aEl cuaderno de la perdicion
942 _cBK
999 _c29123
_d29121